000 01135cam a2200289 i 4500
001 61740
003 Mx-PuUPA
005 20220211131729.0
008 141113s2014 mx a fr 000 0 spa d
020 _a976070250941
_qrústica (UNAM)
040 _aMx-PuUPA
_bspa
_cMx-PuUPA
_dMx-PuUPA
_erda
041 0 _aspa
_aeng
245 1 0 _aDesafío a la estabilidad :
_bprocesos artísticos en México 1952-1967 = artistic processes in Mexico : defying stability /
_ceditora, Rita Eder ; traductor, Elisa Schmelkes
264 1 _aMéxico :
_bUniversidad Nacional Autónoma de México,
_c2014
264 1 _aMadrid :
_bTurner,
_c2014
300 _a613 páginas :
_bfotografías (algunas a color) ;
_c28 cm.
336 _atexto
_brdacontent
_2txt
337 _asin medio
_2rdamedia
_bn
338 _avolumen
_2rdacarrier
_bnc
546 _aTextos escrito en español e inglés.
650 7 _aArte mexicano
_xSiglo XX
_xExposiciones
_2armarc
700 1 _912065
_aEder, Rita,
_d1943-
_eeditor
700 1 _aSchmelkes, Elisa,
_etraductor
942 _2ddc
_cLI
_h709.720904
_iD445
999 _c61740
_d61740